| 000 | 00740nam a2200217 a 4500 | ||
|---|---|---|---|
| 001 | 000039109 | ||
| 005 | 20240530073921.0 | ||
| 008 | 130522s2012 dr 000 f spa d | ||
| 040 |
_aDO-SdBNP _bspa _cBNPHU |
||
| 082 |
_aRD863.44 _bM433e |
||
| 100 | 1 |
_aMatos Diedoné, Manuel Antonio _965318 |
|
| 245 | 1 | 0 |
_aEsas cartas / _cManuel Antonio Matos Diedoné. |
| 260 |
_aSanto Domingo : _bINTEC, _c2012. |
||
| 300 |
_a155 p. ; _c23 cm. |
||
| 500 | _aIncluye datos biográficos del autor en la solapa de la cubierta. | ||
| 590 | _aInventariado, 2020/MAA | ||
| 650 | 0 |
_aNovela dominicana _9223 |
|
| 650 | 0 |
_aLiteratura dominicana. _967 |
|
| 710 | 2 |
_aInstituto Tecnológico de Santo Domingo _978911 |
|
| 910 | _aValidado. Control de calidad EMS. | ||
| 999 |
_c38599 _d38599 |
||